[Event "Ïåðâåíñòâî Ìîñêâû "]
[Site "ÐœÐ¾Ñ�ÐºÐ²Ð°, ÐœÐ“Ð˜ÐœÐž Ð¿Ñ€."]
[Date "2018.11.22"]
[Round "6.15"]
[White "Saikin, Ilia"]
[Black "Rustamov, Sezqin"]
[Result "1/2-1/2"]
[WhiteElo "1657"]
[BlackElo "1638"]
[PlyCount "82"]
[EventDate "2018.11.18"]

1. d4 d5 2. c4 e6 3. Nc3 Nf6 4. cxd5 exd5 5. Bg5 Nbd7 6. e3 c6 7. Qc2 h6 8. Bh4
Be7 9. Bd3 O-O 10. Nge2 Re8 11. h3 Ne4 12. Bxe7 Qxe7 13. Bxe4 dxe4 14. O-O-O b5
15. h4 b4 16. Na4 Qe6 17. b3 Ba6 18. Nf4 Qe7 19. g4 Rac8 20. Nc5 Nxc5 21. Qxc5
Qxc5+ 22. dxc5 Rcd8 23. Rd6 Rxd6 24. cxd6 Rd8 25. Rd1 g5 26. hxg5 hxg5 27. Nh3
f6 28. Rd4 Bd3 29. f3 c5 30. Rd5 Bf1 31. Nf2 exf3 32. Ne4 Kf7 33. Kd2 Bg2 34.
Rxc5 f2 35. Nxf2 Rxd6+ 36. Ke2 Rc6 37. Nd3 Rxc5 38. Nxc5 a5 39. e4 Bh3 40. Kf3
Bf1 41. Ke3 Bb5 1/2-1/2

[Event "Ïåðâåíñòâî Ìîñêâû "]
[Site "ÐœÐ¾Ñ�ÐºÐ²Ð°, ÐœÐ“Ð˜ÐœÐž Ð¿Ñ€."]
[Date "2018.11.22"]
[Round "6.16"]
[White "Zaitsev, Yuriy"]
[Black "Matevosyan, Matevos"]
[Result "1-0"]
[WhiteElo "1544"]
[BlackElo "1499"]
[PlyCount "75"]
[EventDate "2018.11.18"]

1. e4 c5 2. Nc3 d6 3. g3 g6 4. Bg2 Bg7 5. d3 Nc6 6. f4 e6 7. Nf3 Nge7 8. O-O
O-O 9. Be3 Nd4 10. e5 dxe5 11. fxe5 Nec6 12. Ne4 Nxe5 13. Nxe5 Bxe5 14. Bh6 Bg7
15. Bxg7 Kxg7 16. c3 Nf5 17. Qe2 Rb8 18. Nxc5 b6 19. Qe5+ Kg8 20. Qxb8 bxc5 21.
Qf4 Qxd3 22. Rad1 Qb5 23. g4 Nh4 24. Rd8 Qxf1+ 25. Bxf1 Rxd8 26. Qf6 Rd1 27. c4
g5 28. Qxg5+ Ng6 29. Qxc5 Bb7 30. Qxa7 Bf3 31. Kf2 Bxg4 32. Qb8+ Kg7 33. c5
Rd2+ 34. Ke3 Rc2 35. Bd3 Rxc5 36. Bxg6 hxg6 37. Qf4 f6 38. Qxg4 1-0

[Event "Ïåðâåíñòâî Ìîñêâû "]
[Site "ÐœÐ¾Ñ�ÐºÐ²Ð°, ÐœÐ“Ð˜ÐœÐž Ð¿Ñ€."]
[Date "2018.11.22"]
[Round "6.17"]
[White "Korshunov, Sergey A"]
[Black "Kireev, Igor"]
[Result "0-1"]
[WhiteElo "1229"]
[BlackElo "1675"]
[PlyCount "46"]
[EventDate "2018.11.18"]

1. d4 d5 2. Bf4 Nf6 3. e3 Bg4 4. Nf3 e6 5. Bg3 c5 6. c3 Nc6 7. Nbd2 c4 8. Be2
b5 9. b4 a5 10. a3 Ne4 11. Nxe4 dxe4 12. Ne5 Nxe5 13. dxe5 Bxe2 14. Qxd8+ Rxd8
15. Kxe2 Rd3 16. Rac1 Be7 17. f3 f5 18. Rhd1 O-O 19. h3 axb4 20. axb4 Ra8 21.
Rd2 Ra3 22. Rdc2 Bg5 23. f4 Bd8 {çàïèñü íå ÿñíà} 0-1

[Event "Ïåðâåíñòâî Ìîñêâû "]
[Site "ÐœÐ¾Ñ�ÐºÐ²Ð°, ÐœÐ“Ð˜ÐœÐž Ð¿Ñ€."]
[Date "2018.11.22"]
[Round "6.18"]
[White "Ratataev, Ilya"]
[Black "Sednev, Aleksey N"]
[Result "1/2-1/2"]
[WhiteElo "1425"]
[BlackElo "1293"]
[PlyCount "87"]
[EventDate "2018.11.18"]

1. e4 e6 2. d4 d5 3. Nd2 dxe4 4. Nxe4 Nd7 5. Nf3 Ngf6 6. Nxf6+ Nxf6 7. Bd3 Be7
8. O-O O-O 9. Bg5 c5 10. dxc5 Bxc5 11. Qe2 Be7 12. Rad1 Nd5 13. Bxe7 Qxe7 14.
Bxh7+ Kxh7 15. Rxd5 Kg8 16. Rfd1 Qf6 17. Rb5 b6 18. Qe4 Ba6 19. Rb4 Rfd8 20.
Rbd4 Rdc8 21. c3 Bb5 22. Qe5 Qxe5 23. Nxe5 f6 24. Nf3 Bc6 25. Nd2 e5 26. Rd6 b5
27. f3 a5 28. Ne4 b4 29. Ng3 bxc3 30. bxc3 Kf7 31. Rb1 Ba4 32. Rb7+ Kg6 33. h4
Rcb8 34. Rdb6 Rxb7 35. Rxb7 Bc2 36. Rb2 Bd3 37. Kf2 Rc8 38. Rb3 a4 39. Ra3 Rc4
40. Ke3 Bc2 41. Kd2 Bb1 42. Kc1 Bd3 43. Kd2 Bb1 44. Kc1 1/2-1/2

[Event "Ïåðâåíñòâî Ìîñêâû "]
[Site "ÐœÐ¾Ñ�ÐºÐ²Ð°, ÐœÐ“Ð˜ÐœÐž Ð¿Ñ€."]
[Date "2018.11.22"]
[Round "6.19"]
[White "Nabatyan, Mikael"]
[Black "Makshanov, Matvey"]
[Result "0-1"]
[WhiteElo "1206"]
[BlackElo "1555"]
[PlyCount "73"]
[EventDate "2018.11.18"]

1. c4 c5 2. Nf3 Nf6 3. Nc3 Nc6 4. d4 cxd4 5. Nxd4 g6 6. e4 d6 7. Nxc6 bxc6 8.
Be2 Bg7 9. O-O O-O 10. Be3 Bb7 11. f4 Qc7 12. Qc2 Rfd8 13. Rfd1 c5 14. Bf3 Bc6
15. Nd5 Nxd5 16. exd5 Bd7 17. Be4 Rab8 18. Rab1 Rb7 19. Bd2 Rdb8 20. Bc3 Rb6
21. Ba5 Bd4+ 22. Kf1 Qc8 23. Bxb6 Rxb6 24. b3 Be3 25. g3 Bd4 26. Rd3 Bh3+ 27.
Ke1 e6 28. Rbd1 Qe8 29. Qe2 Rb7 30. dxe6 Re7 31. exf7+ Kxf7 32. Kd2 Rxe4 33.
Qf3 Qe6 34. Rh1 Bg4 35. Qf1 Re2+ 36. Kc1 Bb2+ 37. Kd1 0-1

[Event "Ïåðâåíñòâî Ìîñêâû "]
[Site "ÐœÐ¾Ñ�ÐºÐ²Ð°, ÐœÐ“Ð˜ÐœÐž Ð¿Ñ€."]
[Date "2018.11.22"]
[Round "6.20"]
[White "Schipitsin, Mikhail"]
[Black "Zurabian, Vage"]
[Result "0-1"]
[WhiteElo "1332"]
[BlackElo "1905"]
[PlyCount "74"]
[EventDate "2018.11.18"]

1. d4 d6 2. Bf4 g6 3. e3 Bg7 4. Nf3 Nd7 5. Be2 c5 6. c3 Ngf6 7. h3 O-O 8. O-O
b6 9. Nbd2 Bb7 10. a4 Ne4 11. Nxe4 Bxe4 12. b4 Qc7 13. a5 Nf6 14. Qd2 Rfc8 15.
Rfc1 Nd5 16. Bh2 h6 17. Ne1 h5 18. f3 Bh6 19. Bf4 Nxf4 20. exf4 Bf5 21. Nd3 c4
22. Nb2 d5 23. Re1 Bxf4 24. Qd1 Bg3 25. Rf1 b5 26. Ra3 a6 27. Qa1 Qf4 28. Nd1
Re8 29. Ra2 e5 30. Qb2 Ra7 31. Qd2 Rae7 32. Ne3 exd4 33. Nxd5 Qxd2 34. Nxe7+
Rxe7 35. Rxd2 dxc3 36. Rd8+ Kg7 37. Bd1 Bd3 0-1

[Event "Ïåðâåíñòâî Ìîñêâû "]
[Site "ÐœÐ¾Ñ�ÐºÐ²Ð°, ÐœÐ“Ð˜ÐœÐž Ð¿Ñ€."]
[Date "2018.11.22"]
[Round "6.21"]
[White "Kalita, Daniil"]
[Black "Davidyan, Vladimir"]
[Result "0-1"]
[WhiteElo "1597"]
[BlackElo "1309"]
[PlyCount "78"]
[EventDate "2018.11.18"]

1. e4 c5 2. Nf3 e6 3. d4 cxd4 4. Nxd4 a6 5. c4 Nf6 6. Nc3 Qc7 7. Be3 b6 8. Qc2
Bb7 9. f3 d6 10. Be2 Nbd7 11. O-O Be7 12. f4 O-O 13. Rad1 Rfc8 14. f5 e5 15.
Nb3 Rd8 16. a4 Nc5 17. Nxc5 bxc5 18. Bf3 Bc6 19. Qf2 Rab8 20. Rd2 Rb4 21. Nd5
Bxd5 22. exd5 Rxc4 23. b3 Rb4 24. Rc2 Rxb3 25. Rc4 Rdb8 26. g4 R3b4 27. Rfc1 e4
28. g5 Rxc4 29. Rxc4 Rb1+ 30. Bc1 exf3 31. gxf6 Bxf6 32. Qe3 Qe7 33. Qxe7 Bxe7
34. Kf2 Rb4 35. Rxb4 cxb4 36. Kxf3 b3 37. Ke4 Bf6 38. Kd3 b2 39. Bxb2 Bxb2 0-1

[Event "Ïåðâåíñòâî Ìîñêâû "]
[Site "ÐœÐ¾Ñ�ÐºÐ²Ð°, ÐœÐ“Ð˜ÐœÐž Ð¿Ñ€."]
[Date "2018.11.22"]
[Round "6.22"]
[White "Fedorov, Georgy"]
[Black "Listov, Tikhon"]
[Result "0-1"]
[WhiteElo "1313"]
[BlackElo "1243"]
[PlyCount "38"]
[EventDate "2018.11.18"]

1. d4 Nf6 2. Nf3 g6 3. c4 Bg7 4. Nc3 d6 5. e4 Nbd7 6. Be2 O-O 7. O-O c5 8. d5
Ng4 9. Bd2 Nge5 10. Nxe5 Bxe5 11. Be3 Nf6 12. Bf3 Qb6 13. Rb1 Qb4 14. a3 Qa5
15. Qd2 Bg4 16. Bxg4 Nxg4 17. f4 Nxe3 18. Qxe3 Bd4 19. Qxd4 cxd4 0-1

[Event "Ïåðâåíñòâî Ìîñêâû "]
[Site "ÐœÐ¾Ñ�ÐºÐ²Ð°, ÐœÐ“Ð˜ÐœÐž Ð¿Ñ€."]
[Date "2018.11.22"]
[Round "6.23"]
[White "Solozhenkin, Sevastyan"]
[Black "Bagdasarian, Roman"]
[Result "0-1"]
[WhiteElo "1533"]
[BlackElo "1413"]
[PlyCount "78"]
[EventDate "2018.11.18"]

1. e4 c5 2. Nf3 e6 3. d4 cxd4 4. Nxd4 a6 5. c4 Qc7 6. Nc3 Nf6 7. Be3 Bb4 8. Bd3
Bxc3+ 9. bxc3 d6 10. O-O O-O 11. f4 Nbd7 12. f5 Nc5 13. Qc2 b6 14. Bg5 Nfd7 15.
Qe2 f6 16. Bd2 Nxd3 17. Nxe6 Qxc4 18. Nxf8 Kxf8 19. Bf4 Qc5+ 20. Qe3 Nxf4 21.
Qxc5 dxc5 22. Rxf4 Bb7 23. g4 Re8 24. Rd1 Re7 25. Kf2 Ke8 26. Ke3 Ne5 27. h4 h6
28. a4 Nc4+ 29. Kf3 Nb2 30. Rd6 Nxa4 31. c4 b5 32. cxb5 axb5 33. Rd3 c4 34. Ra3
Nb2 35. Ke2 Bxe4 36. Kd2 b4 37. Re3 c3+ 38. Ke2 Bd3+ 39. Kf2 Nd1+ 0-1

[Event "Ïåðâåíñòâî Ìîñêâû "]
[Site "ÐœÐ¾Ñ�ÐºÐ²Ð°, ÐœÐ“Ð˜ÐœÐž Ð¿Ñ€."]
[Date "2018.11.22"]
[Round "6.24"]
[White "Denisov, Mikhail"]
[Black "Kozlov, Kirill"]
[Result "0-1"]
[WhiteElo "1394"]
[BlackElo "1559"]
[PlyCount "50"]
[EventDate "2018.11.18"]

1. e4 d6 2. c4 g6 3. Nc3 Bg7 4. g3 e5 5. Bg2 Ne7 6. Nge2 O-O 7. O-O Nbc6 8. d3
f5 9. f4 fxe4 10. dxe4 Be6 11. Nd5 Qd7 12. Rb1 Rac8 13. b4 Bg4 14. h3 Bxe2 15.
Qxe2 exf4 16. Bxf4 Nxd5 17. exd5 Ne5 18. c5 Rce8 19. c6 bxc6 20. dxc6 Qc8 21.
Bd5+ Kh8 22. Qb5 Qxh3 23. Rf2 Ng4 24. Rg2 Bd4+ 25. Kf1 Nh2# 0-1

[Event "Ïåðâåíñòâî Ìîñêâû "]
[Site "ÐœÐ¾Ñ�ÐºÐ²Ð°, ÐœÐ“Ð˜ÐœÐž Ð¿Ñ€."]
[Date "2018.11.23"]
[Round "7.1"]
[White "Tarasov, Danila"]
[Black "Mishuris, Matvey"]
[Result "1/2-1/2"]
[WhiteElo "1852"]
[BlackElo "1997"]
[PlyCount "87"]
[EventDate "2018.11.18"]

1. e4 d6 2. d3 e5 3. g3 Be7 4. Bg2 Nf6 5. Nc3 O-O 6. Nge2 c6 7. O-O Nbd7 8. h3
b5 9. f4 Nb6 10. g4 b4 11. Nb1 Nfd7 12. Ng3 Re8 13. Nf5 Bf8 14. fxe5 Nxe5 15.
d4 Ng6 16. Qf3 Bxf5 17. Qxf5 Qc7 18. Nd2 Nh4 19. Qf4 Re6 20. b3 Nxg2 21. Kxg2
Rf6 22. Qg3 Rxf1 23. Kxf1 c5 24. d5 c4 25. bxc4 Nxc4 26. Qb3 Rc8 27. Nf3 Ne5
28. Nxe5 dxe5 29. Be3 a5 30. Rd1 Bd6 31. Rd2 a4 32. Qxa4 Qc4+ 33. Kf2 Qxe4 34.
Qd7 Rc3 35. Re2 Bf8 36. Qd8 Rxc2 37. d6 Rxe2+ 38. Kxe2 Qc2+ 39. Bd2 Qe4+ 40.
Kd1 Qf3+ 41. Ke1 Qg3+ 42. Ke2 Qg2+ 43. Kd1 Qf1+ 44. Kc2 1/2-1/2

[Event "Ïåðâåíñòâî Ìîñêâû "]
[Site "ÐœÐ¾Ñ�ÐºÐ²Ð°, ÐœÐ“Ð˜ÐœÐž Ð¿Ñ€."]
[Date "2018.11.23"]
[Round "7.2"]
[White "Timofeev, Lev"]
[Black "Knjazev, Artem"]
[Result "0-1"]
[WhiteElo "1802"]
[BlackElo "1829"]
[PlyCount "102"]
[EventDate "2018.11.18"]

1. e4 c5 2. Nf3 e6 3. g3 d6 4. Bg2 Nd7 5. O-O Ngf6 6. Re1 Be7 7. c3 O-O 8. d4
d5 9. exd5 Nxd5 10. Ne5 Nxe5 11. dxe5 Rb8 12. Qb3 b5 13. c4 Nb4 14. cxb5 Qd3
15. Be4 Qxb5 16. Nc3 c4 17. Qd1 Qd7 18. Qg4 f5 19. exf6 Bxf6 20. Qh3 g6 21. Bh6
Re8 22. Rad1 Qf7 23. Qg2 Nd3 24. Bxd3 cxd3 25. Ne4 Bb7 26. Rxd3 Bxe4 27. Qxe4
Rxb2 28. Rf3 Qe7 29. Qc6 Rb6 30. Qa4 Reb8 31. Kg2 Rc8 32. Qf4 e5 33. Qe4 Qe6
34. Qa4 Ra6 35. Qb4 Rxa2 36. Rxe5 Rxf2+ 37. Rxf2 Qxe5 38. Qb3+ Kh8 39. Qf7 Bg7
40. Qb7 Rd8 41. Rf7 Qe2+ 42. Rf2 Qe5 43. Rf7 Qe2+ 44. Rf2 Qe5 45. Bxg7+ Qxg7
46. Rb2 Rd2+ 47. Kf3 Qc3+ 48. Kg4 Qc4+ 49. Kf3 Qe2+ 50. Kf4 Rd4+ 51. Kg5 Qe5+
0-1

[Event "Ïåðâåíñòâî Ìîñêâû "]
[Site "ÐœÐ¾Ñ�ÐºÐ²Ð°, ÐœÐ“Ð˜ÐœÐž Ð¿Ñ€."]
[Date "2018.11.23"]
[Round "7.3"]
[White "Vasilyev, Alexey"]
[Black "Titov, Alexander"]
[Result "1-0"]
[WhiteElo "1995"]
[BlackElo "1922"]
[PlyCount "131"]
[EventDate "2018.11.18"]

1. e4 c5 2. Nf3 d6 3. d4 cxd4 4. Nxd4 Nf6 5. Nc3 a6 6. Be2 e6 7. O-O Qc7 8. a4
Nc6 9. Be3 Be7 10. Kh1 O-O 11. f4 Re8 12. Qe1 Nxd4 13. Bxd4 e5 14. fxe5 dxe5
15. Qg3 Bd8 16. Be3 Kh8 17. Bg5 Be6 18. Bxf6 Bxf6 19. Bd3 Qc5 20. Rf3 b5 21.
Raf1 bxa4 22. Nxa4 Qb4 23. b3 a5 24. Qf2 Be7 25. Qe3 f6 26. h3 Bd7 27. Ra1 Rab8
28. Rff1 Qd4 29. Qe2 Bc6 30. Rfd1 Red8 31. Qf3 Qb4 32. Qe2 Rf8 33. Rf1 Rfd8 34.
Rfe1 f5 35. exf5 Bf6 36. Be4 Rd2 37. Qf3 Bxe4 38. Rxe4 Qd6 39. Rc1 Rc8 40. c4
Rd3 41. Re3 Rd4 42. Re4 Rd3 43. Re3 Rd4 44. c5 Qe7 45. Rd1 e4 46. Rxd4 exf3 47.
Rxe7 Bxd4 48. gxf3 Kg8 49. Re4 Bf6 50. Kg2 Kf7 51. Kf2 Rb8 52. c6 Rc8 53. Rc4
Be5 54. Nb6 Rc7 55. Nd5 Rc8 56. c7 g6 57. fxg6+ hxg6 58. Ke3 Ke6 59. Ke4 Bd6
60. f4 Kf7 61. Kd4 Ke6 62. Rc2 Kf7 63. Kc4 Ke6 64. Re2+ Kf5 65. Kb5 Bxf4 66.
Ne7+ 1-0

[Event "Ïåðâåíñòâî Ìîñêâû "]
[Site "ÐœÐ¾Ñ�ÐºÐ²Ð°, ÐœÐ“Ð˜ÐœÐž Ð¿Ñ€."]
[Date "2018.11.23"]
[Round "7.4"]
[White "Kirushin, Ivan"]
[Black "Larichev, Prokhor"]
[Result "1/2-1/2"]
[WhiteElo "1801"]
[BlackElo "1848"]
[PlyCount "66"]
[EventDate "2018.11.18"]

1. e4 c5 2. Nf3 Nc6 3. d4 cxd4 4. Nxd4 Nf6 5. Nc3 e5 6. Ndb5 h6 7. Nd5 Nxd5 8.
exd5 a6 9. dxc6 axb5 10. cxd7+ Bxd7 11. Qd5 Qc7 12. Bd2 b4 13. Bb5 Bd6 14.
Bxd7+ Qxd7 15. O-O Qc6 16. Qb3 O-O 17. Bxb4 Bxb4 18. Qxb4 Qxc2 19. Rac1 Qg6 20.
Qxb7 Rxa2 21. Rc8 Rxc8 22. Qxc8+ Kh7 23. Qc3 Qb6 24. Qc4 Qxb2 25. Qxf7 Ra1 26.
Qf5+ Kh8 27. g3 Rxf1+ 28. Kxf1 Qd4 29. Kg2 Qd5+ 30. Kh3 Qd4 31. f3 Qd6 32. g4
g6 33. Qc8+ Kg7 {çàïèñü íå ÿñíà} 1/2-1/2

[Event "Ïåðâåíñòâî Ìîñêâû "]
[Site "ÐœÐ¾Ñ�ÐºÐ²Ð°, ÐœÐ“Ð˜ÐœÐž Ð¿Ñ€."]
[Date "2018.11.23"]
[Round "7.5"]
[White "Rostovtsev, Dmitry"]
[Black "Ivanov, Artem T"]
[Result "1-0"]
[WhiteElo "1321"]
[BlackElo "1850"]
[PlyCount "63"]
[EventDate "2018.11.18"]

1. e4 c5 2. Nf3 d6 3. d4 cxd4 4. Nxd4 Nf6 5. Nc3 a6 6. Bg5 Nbd7 7. Qe2 e6 8.
O-O-O Be7 9. f4 Qa5 10. g4 h6 11. Bxf6 gxf6 12. Bg2 Qc7 13. Rhe1 Rb8 14. Nf5
exf5 15. Nd5 Qd8 16. exf5 Ne5 17. fxe5 fxe5 18. Rf1 Bg5+ 19. Kb1 b5 20. c4 bxc4
21. Qxc4 O-O 22. f6 Be6 23. Ne7+ Kh8 24. Ng6+ Kg8 25. Ne7+ Kh8 26. Bd5 Qb6 27.
b3 Bd7 28. Bxf7 Bb5 29. Ng6+ Kh7 30. Nxf8+ Rxf8 31. Qe4+ Kh8 32. Qg6 1-0

[Event "Ïåðâåíñòâî Ìîñêâû "]
[Site "ÐœÐ¾Ñ�ÐºÐ²Ð°, ÐœÐ“Ð˜ÐœÐž Ð¿Ñ€."]
[Date "2018.11.23"]
[Round "7.6"]
[White "Gerasimov, Vadim"]
[Black "Fridman, Roman A"]
[Result "0-1"]
[WhiteElo "1836"]
[BlackElo "1705"]
[PlyCount "108"]
[EventDate "2018.11.18"]

1. e4 c5 2. Nf3 e6 3. d4 cxd4 4. Nxd4 a6 5. c4 Nf6 6. Nc3 Qc7 7. Be2 b6 8. Be3
Bb7 9. f3 Be7 10. O-O O-O 11. Rc1 d6 12. Qd2 Nbd7 13. Rfd1 Rac8 14. Qe1 Rfe8
15. Qf2 Qb8 16. a3 Bd8 17. b4 Bc7 18. h3 d5 19. exd5 exd5 20. Nf5 g6 21. Nh6+
Kg7 22. Ng4 h5 23. Nxf6 Nxf6 24. Bg5 Nh7 25. Be3 Bg3 26. Bd4+ Kg8 27. Qf1 dxc4
28. Bxc4 b5 29. Bb3 Ng5 30. Qd3 Ne6 31. Bf6 Bc6 32. Ne2 Bh2+ 33. Kh1 Be5 34.
Bg5 Nxg5 35. Qxg6+ Bg7 36. Nd4 Ne6 37. Nxc6 Rxc6 38. Qxh5 Rxc1 39. Rxc1 Qe5 40.
Qg4 Nd4 41. Ba2 Ne2 42. Qg6 Qf6 43. Rc6 Qa1+ 44. Qb1 Qxb1+ 45. Bxb1 Nd4 46. Rc1
Ne2 47. Rc5 Ng3+ 48. Kh2 Nf1+ 49. Kh1 Nd2 50. Be4 Nxe4 51. fxe4 Re6 52. Rc8+
Kh7 53. Rc7 Kg6 54. Kg1 Bb2 0-1

[Event "Ïåðâåíñòâî Ìîñêâû "]
[Site "ÐœÐ¾Ñ�ÐºÐ²Ð°, ÐœÐ“Ð˜ÐœÐž Ð¿Ñ€."]
[Date "2018.11.23"]
[Round "7.7"]
[White "Kurus, Artem"]
[Black "Karlov, Egor"]
[Result "1-0"]
[WhiteElo "1800"]
[BlackElo "1685"]
[PlyCount "113"]
[EventDate "2018.11.18"]

1. Nf3 d5 2. d4 Nf6 3. c4 c6 4. cxd5 cxd5 5. Nc3 Nc6 6. Bf4 g6 7. Rc1 Bg7 8. h3
O-O 9. e3 a6 10. Be2 Ne4 11. Nxe4 dxe4 12. Nd2 Qa5 13. O-O g5 14. Nc4 Qf5 15.
Bh2 Be6 16. Bg4 Qg6 17. Bxe6 fxe6 18. Qb3 Ra7 19. Qb6 g4 20. h4 Bf6 21. Ne5
Bxe5 22. dxe5 Rc8 23. Rfd1 Qe8 24. Rc4 h5 25. b4 Kg7 26. Bf4 Kg6 27. Rxe4 Rd8
28. Rxd8 Qxd8 29. Qxd8 Nxd8 30. Rd4 Nc6 31. Rd7 b5 32. Rxa7 Nxa7 33. e4 Nc6 34.
a3 Nd4 35. Kf1 Kf7 36. Bc1 Kg6 37. Bb2 Nc6 38. Ke2 Kh6 39. Ke3 Kg6 40. Bc3 Kh6
41. Kf4 Kg6 42. f3 gxf3 43. gxf3 Kh6 44. Ke3 Kg7 45. f4 Kg6 46. Kf3 Nd8 47. Ke2
Nc6 48. Ke3 Nd8 49. Kd4 Nb7 50. Bd2 Kg7 51. f5 Kf7 52. Ke3 Kg7 53. Kf4 Kh6 54.
f6 exf6 55. exf6 Kg6 56. Ke5 Kf7 57. Bc3 1-0

[Event "Ïåðâåíñòâî Ìîñêâû "]
[Site "ÐœÐ¾Ñ�ÐºÐ²Ð°, ÐœÐ“Ð˜ÐœÐž Ð¿Ñ€."]
[Date "2018.11.23"]
[Round "7.8"]
[White "Baituganov, Vyacheslav"]
[Black "Soloviev, Vladislav"]
[Result "1-0"]
[WhiteElo "1677"]
[BlackElo "1919"]
[PlyCount "75"]
[EventDate "2018.11.18"]

1. Nf3 Nf6 2. g3 g6 3. b3 Bg7 4. Bb2 O-O 5. Bg2 d6 6. d4 c5 7. O-O Nc6 8. c4
Bg4 9. d5 Na5 10. Nbd2 a6 11. e4 Re8 12. Qc2 b5 13. h3 Bxf3 14. Bxf3 Rb8 15.
Bc3 Nd7 16. Bg2 bxc4 17. bxc4 Ne5 18. f4 Naxc4 19. Nxc4 Nxc4 20. Bxg7 Ne3 21.
Qc3 Nxf1 22. Rxf1 Qb6 23. Bh6 Qb2 24. Qc4 Qb4 25. Qe2 Qd4+ 26. Qf2 Rb2 27. Qxd4
cxd4 28. Rd1 Rc8 29. f5 Rcc2 30. Bf1 gxf5 31. exf5 Rb4 32. Bxa6 Rxa2 33. Rc1
Rb8 34. Bf1 d3 35. Rd1 Ra3 36. g4 Rb5 37. Bxd3 f6 38. Bxb5 1-0

[Event "Ïåðâåíñòâî Ìîñêâû "]
[Site "ÐœÐ¾Ñ�ÐºÐ²Ð°, ÐœÐ“Ð˜ÐœÐž Ð¿Ñ€."]
[Date "2018.11.23"]
[Round "7.9"]
[White "Boger, Juri"]
[Black "Arbuzov, Timofey"]
[Result "0-1"]
[WhiteElo "1672"]
[BlackElo "1789"]
[PlyCount "58"]
[EventDate "2018.11.18"]

1. a3 Nf6 2. b4 d5 3. Bb2 c6 4. e3 Bf5 5. Nf3 Nbd7 6. d4 e6 7. Nbd2 Be7 8. Ne5
Nxe5 9. dxe5 Nd7 10. Nb3 Qc7 11. f4 Be4 12. Qg4 g6 13. Bd3 Bxd3 14. cxd3 c5 15.
b5 c4 16. dxc4 Qxc4 17. Nd4 Nc5 18. Rb1 Nd3+ 19. Kd2 Nf2 20. Qe2 Qxe2+ 21. Kxe2
Nxh1 22. Rxh1 Rc8 23. Kd3 Kd7 24. Rc1 Rxc1 25. Bxc1 Rc8 26. Bb2 Rc4 27. Ke2 Ra4
28. g4 Bxa3 29. Bxa3 Rxa3 0-1

[Event "Ïåðâåíñòâî Ìîñêâû "]
[Site "ÐœÐ¾Ñ�ÐºÐ²Ð°, ÐœÐ“Ð˜ÐœÐž Ð¿Ñ€."]
[Date "2018.11.23"]
[Round "7.10"]
[White "Gubanov, Timofey"]
[Black "Shirokikh, Ivan"]
[Result "0-1"]
[WhiteElo "1666"]
[BlackElo "1473"]
[PlyCount "79"]
[EventDate "2018.11.18"]

1. e4 e6 2. d4 d5 3. Nd2 dxe4 4. Nxe4 Nd7 5. Nf3 Ngf6 6. Nxf6+ Nxf6 7. Bd3 Be7
8. O-O O-O 9. Re1 b6 10. Bg5 Bb7 11. c3 c5 12. dxc5 bxc5 13. Qe2 Qc7 14. Rad1
Rad8 15. h3 Nd5 16. Bxe7 Qxe7 17. Qc2 g6 18. Qb3 Nf4 19. Be4 Bxe4 20. Rxe4 Qf6
21. h4 Qf5 22. Rxd8 Rxd8 23. Qa4 Nh3+ 24. Kf1 Rd2 25. Re2 Qb1+ 26. Ne1 Rxe2 27.
Kxe2 Qxb2+ 28. Qc2 Qxc2+ 29. Nxc2 Nf4+ 30. Kf3 Nd5 31. c4 Nb6 32. Na1 Nxc4 33.
Nb3 Kf8 34. Nxc5 Ke7 35. Ke4 Nd6+ 36. Kf4 f6 37. g3 e5+ 38. Ke3 Nb5 39. f4
exf4+ 40. Kxf4 {çàïèñü íå ÿñíà} 0-1

[Event "Ïåðâåíñòâî Ìîñêâû "]
[Site "ÐœÐ¾Ñ�ÐºÐ²Ð°, ÐœÐ“Ð˜ÐœÐž Ð¿Ñ€."]
[Date "2018.11.23"]
[Round "7.11"]
[White "Kim, Andrey"]
[Black "Ochirov, Lidzhi"]
[Result "1-0"]
[WhiteElo "1913"]
[BlackElo "1661"]
[PlyCount "121"]
[EventDate "2018.11.18"]

1. d4 Nf6 2. c4 g6 3. g3 Bg7 4. Bg2 O-O 5. Nc3 d6 6. Nf3 Nbd7 7. O-O e5 8. e4
c6 9. h3 Qb6 10. d5 cxd5 11. cxd5 Nc5 12. Qc2 Qc7 13. Be3 Ncxe4 14. Rfd1 b6 15.
Rac1 Nxc3 16. bxc3 Bb7 17. Qb3 Rfe8 18. Nd2 Nd7 19. Ne4 Nf6 20. Nd2 h6 21. c4
Nd7 22. h4 Rf8 23. h5 g5 24. g4 Nc5 25. Bxc5 Qxc5 26. Ne4 Qc7 27. Qd3 Rad8 28.
Ng3 Bc8 29. Qf3 Qe7 30. Bf1 Qf6 31. Qxf6 Bxf6 32. f3 Bd7 33. Bd3 Bg7 34. Bf5
Bxf5 35. Nxf5 Rd7 36. Rd3 Re8 37. Re3 Kh7 38. Kf1 e4 39. Rxe4 Rxe4 40. fxe4 Be5
41. Ke2 Rc7 42. Kd3 Rb7 43. Rb1 Rc7 44. Rb4 Rc5 45. Rb5 Rc7 46. a3 Rb7 47. a4
Rd7 48. Rb3 Bh2 49. Nd4 Bg1 50. Ne6 Bf2 51. Rb2 Bc5 52. Re2 f6 53. Rd2 a5 54.
Rb2 Re7 55. Nd8 Re8 56. Ne6 Bg1 57. Rb1 Bf2 58. Rf1 Bg3 59. Rxf6 Be5 60. Rf7+
Kg8 61. Rb7 1-0

[Event "Ïåðâåíñòâî Ìîñêâû "]
[Site "ÐœÐ¾Ñ�ÐºÐ²Ð°, ÐœÐ“Ð˜ÐœÐž Ð¿Ñ€."]
[Date "2018.11.23"]
[Round "7.12"]
[White "Zagorskii, Artem"]
[Black "Zaitsev, Yuriy"]
[Result "1-0"]
[WhiteElo "1746"]
[BlackElo "1544"]
[PlyCount "47"]
[EventDate "2018.11.18"]

1. d4 Nf6 2. Nc3 g6 3. e4 d6 4. f3 Bg7 5. Be3 O-O 6. Qd2 Nbd7 7. O-O-O b6 8.
Bh6 a6 9. h4 c5 10. d5 Nh5 11. g4 Ng3 12. Rh3 Nxf1 13. Rxf1 Nf6 14. h5 e6 15.
Bxg7 Kxg7 16. hxg6 fxg6 17. Qh6+ Kg8 18. dxe6 Bxe6 19. g5 Bxh3 20. gxf6 Rxf6
21. Nxh3 Qf8 22. Qe3 Rd8 23. Nd5 Rf5 24. Qb3 1-0

[Event "Ïåðâåíñòâî Ìîñêâû "]
[Site "ÐœÐ¾Ñ�ÐºÐ²Ð°, ÐœÐ“Ð˜ÐœÐž Ð¿Ñ€."]
[Date "2018.11.23"]
[Round "7.13"]
[White "Vorontsov, Alexandr"]
[Black "Saikin, Ilia"]
[Result "0-1"]
[WhiteElo "1643"]
[BlackElo "1657"]
[PlyCount "116"]
[EventDate "2018.11.18"]

1. e4 e5 2. Nf3 Nf6 3. Nxe5 d6 4. Nf3 Nxe4 5. Nc3 Nxc3 6. dxc3 Be7 7. Bf4 O-O
8. Qd2 a5 9. O-O-O Be6 10. Kb1 Bf6 11. Nd4 Bxd4 12. Qxd4 Nc6 13. Qd2 Ne5 14. f3
Qe7 15. Qf2 Rfb8 16. g4 b5 17. h4 b4 18. Bxe5 dxe5 19. c4 a4 20. Bd3 b3 21.
cxb3 axb3 22. a3 Ra4 23. Qe2 Qc5 24. Rc1 Rd8 25. h5 Rd4 26. Rhd1 f6 27. Rc3 Qb6
28. c5 Qa5 29. Qe1 Bd5 30. Bf5 Rxd1+ 31. Qxd1 Rd4 32. Qc1 h6 33. c6 Kf8 34. Bg6
Qa6 35. Re3 Qb6 36. Rc3 Ke7 37. Bf5 Kd6 38. Bd7 Qb5 39. Qe1 Rd3 40. Rxd3 Qxd3+
41. Ka1 Qc4 42. Qd1 Qc2 43. Qe1 Qc4 44. Qd1 Qc2 45. Qe1 Bxf3 46. Bf5 Qd1+ 47.
Qxd1+ Bxd1 48. Kb1 Kxc6 49. Kc1 Bf3 50. Kd2 Kd5 51. Ke3 e4 52. Bh7 Ke5 53. Bg8
Bxg4 54. Bxb3 Bxh5 55. a4 f5 56. a5 f4+ 57. Kf2 e3+ 58. Ke1 Bf3 0-1

[Event "Ïåðâåíñòâî Ìîñêâû "]
[Site "ÐœÐ¾Ñ�ÐºÐ²Ð°, ÐœÐ“Ð˜ÐœÐž Ð¿Ñ€."]
[Date "2018.11.23"]
[Round "7.14"]
[White "Kireev, Igor"]
[Black "Sakovich, Luka"]
[Result "0-1"]
[WhiteElo "1675"]
[BlackElo "1745"]
[PlyCount "78"]
[EventDate "2018.11.18"]

1. e4 e5 2. Nf3 Nc6 3. Bc4 Bc5 4. c3 Nf6 5. d3 d6 6. O-O a6 7. Bg5 h6 8. Bh4
Be6 9. Nbd2 Qd7 10. b4 Ba7 11. a4 Ne7 12. Qb3 g5 13. Bg3 Ng6 14. Rfe1 Bxc4 15.
Nxc4 h5 16. h4 gxh4 17. Bxh4 Nxh4 18. Nxh4 Qg4 19. Nf5 O-O-O 20. Nce3 Qf4 21.
a5 Ng4 22. Ra2 Bxe3 23. Nxe3 Qh2+ 24. Kf1 Nxe3+ 25. Rxe3 Qh1+ 26. Ke2 Qxg2 27.
Rg3 Qh2 28. Qxf7 Rdf8 29. Qe6+ Kb8 30. Ke3 h4 31. Rg4 Qh3+ 32. Ke2 Qf3+ 33. Kd2
Qxf2+ 34. Kc1 Qe1+ 35. Kb2 Rf2+ 36. Kb3 Qd1+ 37. Ka3 Qc1+ 38. Kb3 Qb1+ 39. Ka3
Rxa2+ 0-1

[Event "Ïåðâåíñòâî Ìîñêâû "]
[Site "ÐœÐ¾Ñ�ÐºÐ²Ð°, ÐœÐ“Ð˜ÐœÐž Ð¿Ñ€."]
[Date "2018.11.23"]
[Round "7.15"]
[White "Makshanov, Matvey"]
[Black "Zurabian, Vage"]
[Result "1-0"]
[WhiteElo "1555"]
[BlackElo "1905"]
[PlyCount "99"]
[EventDate "2018.11.18"]

1. e4 d6 2. d4 Nf6 3. Nc3 e5 4. dxe5 dxe5 5. Qxd8+ Kxd8 6. Bc4 Ke8 7. Nf3 Bd6
8. Be3 Nbd7 9. O-O-O a6 10. a4 h6 11. h3 b6 12. Ne1 Bc5 13. Bxc5 Nxc5 14. Nd3
Nxd3+ 15. Rxd3 Bb7 16. f3 c6 17. Bb3 b5 18. Rhd1 Rc8 19. axb5 axb5 20. Ne2 c5
21. c4 Ba6 22. Rd6 Ra8 23. cxb5 Bxb5 24. Nc3 Ra1+ 25. Kc2 Rxd1 26. Rxd1 Ba6 27.
Nd5 Nxd5 28. Rxd5 Bf1 29. Rxe5+ Kd7 30. Rxc5 Bxg2 31. Bxf7 Bxf3 32. e5 Be4+ 33.
Kc3 Bf5 34. h4 g5 35. h5 Ke7 36. Rc7+ Bd7 37. Kd4 Rc8 38. Rxc8 Bxc8 39. Bg6 Ba6
40. b4 Ke6 41. Ke4 Bb7+ 42. Kd4 Ba6 43. Ke4 Bb7+ 44. Kd4 Ba6 45. Be8 Ke7 46. b5
Bb7 47. Bc6 Bxc6 48. bxc6 Ke6 49. Ke4 Ke7 50. Kd5 1-0